Brighton & Hove Albion Squad 2022-2023 - Statistics

General Stats
  • This quiz has been taken 296 times
    179 since last reset
  • The average score is 21 of 27
Answer Stats
# Position Nation Player % Correct
10 MF Argentina Alexis Mac Allister
98%
22 FW Japan Kaoru Mitoma
98%
1 GK Spain Robert Sánchez
94%
11 FW Belgium Leandro Trossard
93%
13 MF Germany Pascal Groß
93%
5 DF England Lewis Dunk
92%
25 MF Ecuador Moisés Caicedo
92%
18 FW England Danny Welbeck
88%
30 DF Ecuador Pervis Estupiñán
87%
- Coach Italy Roberto De Zerbi
86%
28 FW Ireland Evan Ferguson
84%
- Coach England Graham Potter
84%
2 DF Ghana Tariq Lamptey
83%
34 DF Netherlands Joël Veltman
80%
21 FW Germany Deniz Undav
79%
7 MF England Solly March
77%
4 DF England Adam Webster
74%
14 MF England Adam Lallana
70%
20 FW Paraguay Julio Enciso
69%
23 GK England Jason Steele
68%
15 MF Poland Jakub Moder
67%
19 MF Ecuador Jeremy Sarmiento
67%
27 MF Scotland Billy Gilmour
60%
40 MF Argentina Facundo Buonanotte
54%
29 DF Netherlands Jan Paul van Hecke
52%
6 DF England Levi Colwill
49%
26 MF Sweden Yasin Ayari
38%
No matching quizzes found
Score Distribution
Percent of People with Each Score
Percentile by Number Answered
Your Score History
You have not taken this quiz since the last reset